<?xml version="1.0" encoding="UTF-8"?>
<record
    xmlns:xsi="http://www.w3.org/2001/XMLSchema-instance"
    xsi:schemaLocation="http://www.loc.gov/MARC21/slim http://www.loc.gov/standards/marcxml/schema/MARC21slim.xsd"
    xmlns="http://www.loc.gov/MARC21/slim">

  <leader>01497nam a2200277Ia 4500</leader>
  <controlfield tag="003">SEM</controlfield>
  <controlfield tag="005">20251015123335.0</controlfield>
  <controlfield tag="008">141116s1880    ai ||||gr||||||01|||arm|d</controlfield>
  <datafield tag="040" ind1=" " ind2=" ">
    <subfield code="a">SEM</subfield>
    <subfield code="c">SEM</subfield>
  </datafield>
  <datafield tag="041" ind1=" " ind2=" ">
    <subfield code="a">arm</subfield>
  </datafield>
  <datafield tag="080" ind1=" " ind2=" ">
    <subfield code="a">34(47.925)/&#x544;-79</subfield>
  </datafield>
  <datafield tag="100" ind1=" " ind2=" ">
    <subfield code="a">&#x544;&#x56D;&#x56B;&#x569;&#x561;&#x580;, &#x533;&#x585;&#x577;</subfield>
    <subfield code="d">(1130-1213)</subfield>
    <subfield code="q">[&#x544;&#x56D;&#x56B;&#x569;&#x561;&#x580;, &#x533;&#x578;&#x577;]</subfield>
  </datafield>
  <datafield tag="245" ind1=" " ind2=" ">
    <subfield code="a">&#x534;&#x561;&#x57F;&#x561;&#x57D;&#x57F;&#x561;&#x576;&#x561;&#x563;&#x56B;&#x580;&#x584; &#x570;&#x561;&#x575;&#x578;&#x581; /</subfield>
    <subfield code="c">&#x544;&#x56D;&#x56B;&#x569;&#x561;&#x580; &#x533;&#x585;&#x577; ; &#x53B;&#x580;&#x561;&#x582;&#x561;&#x562;&#x561;&#x576;&#x561;&#x56F;&#x561;&#x576; &#x570;&#x565;&#x57F;&#x561;&#x566;&#x585;&#x57F;&#x578;&#x582;&#x569;&#x56B;&#x582;&#x576;&#x584; &#x570;&#x561;&#x576;&#x564;&#x565;&#x580;&#x571; &#x56E;&#x561;&#x576;&#x585;&#x569;&#x578;&#x582;&#x569;&#x565;&#x561;&#x574;&#x562;&#x584; &#x54E;&#x561;&#x570;&#x561;&#x576; &#x53E;. &#x57E;&#x561;&#x580;&#x564;&#x561;&#x57A;&#x565;&#x57F;&#x56B; &#x532;&#x561;&#x57D;&#x57F;&#x561;&#x574;&#x565;&#x561;&#x576;&#x581; &#x544;&#x56B;&#x561;&#x562;&#x561;&#x576;&#x56B; &#x54D;&#x580;&#x562;&#x578;&#x575; &#x537;&#x57B;&#x574;&#x56B;&#x561;&#x56E;&#x576;&#x56B; &#x565;&#x582; &#x57E;&#x561;&#x576;&#x561;&#x570;&#x585;&#x580; &#x54D;. &#x533;&#x561;&#x575;&#x56B;&#x561;&#x576;&#x56B;&#x561;&#x575; &#x57E;&#x561;&#x576;&#x578;&#x582;&#x581;</subfield>
  </datafield>
  <datafield tag="246" ind1=" " ind2=" ">
    <subfield code="a">&#x544;&#x56D;&#x56B;&#x569;&#x561;&#x580;&#x561;&#x575; &#x533;&#x585;&#x577;&#x56B; &#x534;&#x561;&#x57F;&#x561;&#x57D;&#x57F;&#x561;&#x576;&#x561;&#x563;&#x56B;&#x580;&#x584; &#x570;&#x561;&#x575;&#x578;&#x581; /</subfield>
  </datafield>
  <datafield tag="260" ind1=" " ind2=" ">
    <subfield code="a">&#x54E;&#x561;&#x572;&#x561;&#x580;&#x577;&#x561;&#x57A;&#x561;&#x57F; :</subfield>
    <subfield code="b">&#x53B; &#x57F;&#x57A;&#x561;&#x580;&#x561;&#x576;&#x56B; &#x54D;&#x580;&#x562;&#x578;&#x581; &#x53F;&#x561;&#x569;&#x578;&#x582;&#x572;&#x56B;&#x567; &#x537;&#x57B;&#x574;&#x56B;&#x561;&#x56E;&#x576;&#x56B;,</subfield>
    <subfield code="b">[&#x57F;&#x57A;. &#x54D;. &#x537;&#x57B;&#x574;&#x56B;&#x561;&#x56E;&#x56B;&#x576;],</subfield>
    <subfield code="c">&#x54C;&#x545;&#x53C;.</subfield>
    <subfield code="c">1880.</subfield>
  </datafield>
  <datafield tag="300" ind1=" " ind2=" ">
    <subfield code="a">442, &#x53A;&#x532; &#x567;&#x57B; ;</subfield>
    <subfield code="c">&#x547;&#x561;&#x580;&#x57E;.` 19x13 &#x57D;&#x574; ;</subfield>
    <subfield code="c">25 &#x57D;&#x574;</subfield>
  </datafield>
  <datafield tag="500" ind1=" " ind2=" ">
    <subfield code="a">&#x539;&#x57E;&#x561;&#x575;&#x576;&#x561;&#x581;&#x57E;&#x561;&#x56E; &#x585;&#x580;&#x56B;&#x576;&#x561;&#x56F;&#x578;&#x582;&#x574; &#x56F;&#x561; &#x57F;&#x57A;&#x561;&#x563;&#x580;&#x561;&#x56F;&#x561;&#x576; &#x57D;&#x56D;&#x561;&#x56C;&#x55D; 430 &#x567;&#x57B;&#x56B; &#x583;&#x578;&#x56D;&#x561;&#x580;&#x565;&#x576; &#x57F;&#x57A;&#x561;&#x563;&#x580;&#x57E;&#x561;&#x56E; &#x567;&#x55D; 304:</subfield>
  </datafield>
  <datafield tag="500" ind1=" " ind2=" ">
    <subfield code="a">&#x54F;&#x56B;&#x57F;&#x572;&#x578;&#x57D;&#x561;&#x569;&#x565;&#x580;&#x569;&#x56B; &#x57E;&#x580;&#x561; &#x566;&#x561;&#x580;&#x564;&#x561;&#x576;&#x561;&#x56D;&#x577;:</subfield>
  </datafield>
  <datafield tag="650" ind1=" " ind2=" ">
    <subfield code="a">&#x53B;&#x580;&#x561;&#x57E;&#x561;&#x562;&#x561;&#x576;&#x578;&#x582;&#x569;&#x575;&#x578;&#x582;&#x576;</subfield>
  </datafield>
  <datafield tag="650" ind1=" " ind2=" ">
    <subfield code="a">&#x555;&#x580;&#x565;&#x576;&#x584;</subfield>
  </datafield>
  <datafield tag="650" ind1=" " ind2=" ">
    <subfield code="a">&#x555;&#x580;&#x565;&#x576;&#x57D;&#x563;&#x56B;&#x580;&#x584;</subfield>
  </datafield>
  <datafield tag="653" ind1=" " ind2=" ">
    <subfield code="a">&#x54D;&#x537;&#x544;</subfield>
  </datafield>
  <datafield tag="700" ind1=" " ind2=" ">
    <subfield code="a">&#x532;&#x561;&#x57D;&#x57F;&#x561;&#x574;&#x575;&#x561;&#x576;, &#x54E;&#x561;&#x570;&#x561;&#x576;</subfield>
    <subfield code="d">(1835-1881)</subfield>
    <subfield code="e">&#x56F;&#x561;&#x566;&#x574;.</subfield>
    <subfield code="4">com</subfield>
  </datafield>
  <datafield tag="856" ind1=" " ind2=" ">
    <subfield code="u">http://greenstone.flib.sci.am/gsdl/collect/haygirq/book/datastanag_1880.pdf</subfield>
    <subfield code="y">&#x53F;&#x561;&#x580;&#x564;&#x561;&#x56C; &#x561;&#x57C;&#x581;&#x561;&#x576;&#x581;</subfield>
  </datafield>
  <datafield tag="942" ind1=" " ind2=" ">
    <subfield code="2">udc</subfield>
    <subfield code="c">BK</subfield>
  </datafield>
  <datafield tag="999" ind1=" " ind2=" ">
    <subfield code="c">44061</subfield>
    <subfield code="d">44061</subfield>
  </datafield>
  <datafield tag="952" ind1=" " ind2=" ">
    <subfield code="0">0</subfield>
    <subfield code="1">0</subfield>
    <subfield code="2">udc</subfield>
    <subfield code="4">0</subfield>
    <subfield code="7">0</subfield>
    <subfield code="8">&#x533;&#x580;&#x561;&#x57A;&#x561;&#x570;&#x578;&#x581;</subfield>
    <subfield code="a">SEM</subfield>
    <subfield code="b">SEM</subfield>
    <subfield code="d">2014-11-16</subfield>
    <subfield code="g">15000.00</subfield>
    <subfield code="i">11125</subfield>
    <subfield code="l">0</subfield>
    <subfield code="o">34(47.925)/&#x544;-79</subfield>
    <subfield code="p">11125</subfield>
    <subfield code="r">2014-11-16</subfield>
    <subfield code="w">2014-11-16</subfield>
    <subfield code="y">BK</subfield>
    <subfield code="z">&#x54D;&#x57A;&#x561;&#x57D;&#x561;&#x580;&#x56F;&#x57E;&#x578;&#x582;&#x574; &#x567; &#x568;&#x576;&#x569;&#x565;&#x580;&#x581;&#x561;&#x57D;&#x580;&#x561;&#x570;</subfield>
  </datafield>
  <datafield tag="952" ind1=" " ind2=" ">
    <subfield code="0">0</subfield>
    <subfield code="1">0</subfield>
    <subfield code="2">udc</subfield>
    <subfield code="4">0</subfield>
    <subfield code="7">0</subfield>
    <subfield code="8">&#x533;&#x580;&#x561;&#x57A;&#x561;&#x570;&#x578;&#x581;</subfield>
    <subfield code="a">SEM</subfield>
    <subfield code="b">SEM</subfield>
    <subfield code="d">2014-11-16</subfield>
    <subfield code="g">15000.00</subfield>
    <subfield code="i">1936</subfield>
    <subfield code="l">0</subfield>
    <subfield code="o">34(47.925)/&#x544;-79</subfield>
    <subfield code="p">1936</subfield>
    <subfield code="r">2014-11-16</subfield>
    <subfield code="w">2014-11-16</subfield>
    <subfield code="y">BK</subfield>
    <subfield code="z">&#x54D;&#x57A;&#x561;&#x57D;&#x561;&#x580;&#x56F;&#x57E;&#x578;&#x582;&#x574; &#x567; &#x568;&#x576;&#x569;&#x565;&#x580;&#x581;&#x561;&#x57D;&#x580;&#x561;&#x570;</subfield>
  </datafield>
  <datafield tag="952" ind1=" " ind2=" ">
    <subfield code="0">0</subfield>
    <subfield code="1">0</subfield>
    <subfield code="2">udc</subfield>
    <subfield code="4">0</subfield>
    <subfield code="7">0</subfield>
    <subfield code="8">&#x533;&#x580;&#x561;&#x57A;&#x561;&#x570;&#x578;&#x581;</subfield>
    <subfield code="a">SEM</subfield>
    <subfield code="b">SEM</subfield>
    <subfield code="d">2014-11-16</subfield>
    <subfield code="g">3000.00</subfield>
    <subfield code="i">20397</subfield>
    <subfield code="l">0</subfield>
    <subfield code="o">34(47.925)/&#x544;-79</subfield>
    <subfield code="p">20397</subfield>
    <subfield code="r">2014-11-16</subfield>
    <subfield code="w">2014-11-16</subfield>
    <subfield code="y">BK</subfield>
    <subfield code="z">&#x54D;&#x57A;&#x561;&#x57D;&#x561;&#x580;&#x56F;&#x57E;&#x578;&#x582;&#x574; &#x567; &#x568;&#x576;&#x569;&#x565;&#x580;&#x581;&#x561;&#x57D;&#x580;&#x561;&#x570;</subfield>
  </datafield>
  <datafield tag="952" ind1=" " ind2=" ">
    <subfield code="0">0</subfield>
    <subfield code="1">0</subfield>
    <subfield code="2">udc</subfield>
    <subfield code="4">0</subfield>
    <subfield code="7">0</subfield>
    <subfield code="8">&#x533;&#x580;&#x561;&#x57A;&#x561;&#x570;&#x578;&#x581;</subfield>
    <subfield code="a">SEM</subfield>
    <subfield code="b">SEM</subfield>
    <subfield code="d">2014-11-16</subfield>
    <subfield code="g">3000.00</subfield>
    <subfield code="i">20398</subfield>
    <subfield code="l">0</subfield>
    <subfield code="o">34(47.925)/&#x544;-79</subfield>
    <subfield code="p">20398</subfield>
    <subfield code="r">2014-11-16</subfield>
    <subfield code="w">2014-11-16</subfield>
    <subfield code="y">BK</subfield>
    <subfield code="z">&#x54D;&#x57A;&#x561;&#x57D;&#x561;&#x580;&#x56F;&#x57E;&#x578;&#x582;&#x574; &#x567; &#x568;&#x576;&#x569;&#x565;&#x580;&#x581;&#x561;&#x57D;&#x580;&#x561;&#x570;</subfield>
  </datafield>
  <datafield tag="952" ind1=" " ind2=" ">
    <subfield code="0">0</subfield>
    <subfield code="1">0</subfield>
    <subfield code="2">udc</subfield>
    <subfield code="4">0</subfield>
    <subfield code="7">0</subfield>
    <subfield code="8">&#x533;&#x580;&#x561;&#x57A;&#x561;&#x570;&#x578;&#x581;</subfield>
    <subfield code="a">SEM</subfield>
    <subfield code="b">SEM</subfield>
    <subfield code="d">2014-11-16</subfield>
    <subfield code="g">15000.00</subfield>
    <subfield code="i">3350</subfield>
    <subfield code="l">0</subfield>
    <subfield code="o">34(47.925)/&#x544;-79</subfield>
    <subfield code="p">3350</subfield>
    <subfield code="r">2014-11-16</subfield>
    <subfield code="w">2014-11-16</subfield>
    <subfield code="y">BK</subfield>
    <subfield code="z">&#x54D;&#x57A;&#x561;&#x57D;&#x561;&#x580;&#x56F;&#x57E;&#x578;&#x582;&#x574; &#x567; &#x568;&#x576;&#x569;&#x565;&#x580;&#x581;&#x561;&#x57D;&#x580;&#x561;&#x570;</subfield>
  </datafield>
  <datafield tag="952" ind1=" " ind2=" ">
    <subfield code="0">0</subfield>
    <subfield code="1">0</subfield>
    <subfield code="2">udc</subfield>
    <subfield code="4">0</subfield>
    <subfield code="7">0</subfield>
    <subfield code="8">&#x533;&#x580;&#x561;&#x57A;&#x561;&#x570;&#x578;&#x581;</subfield>
    <subfield code="a">SEM</subfield>
    <subfield code="b">SEM</subfield>
    <subfield code="d">2025-04-04</subfield>
    <subfield code="g">15000.00</subfield>
    <subfield code="i">36584</subfield>
    <subfield code="l">0</subfield>
    <subfield code="o">34(47.925)/&#x544;-79</subfield>
    <subfield code="p">36584</subfield>
    <subfield code="r">2025-04-04</subfield>
    <subfield code="w">2025-04-04</subfield>
    <subfield code="y">BK</subfield>
    <subfield code="z">&#x54D;&#x57A;&#x561;&#x57D;&#x561;&#x580;&#x56F;&#x57E;&#x578;&#x582;&#x574; &#x567; &#x568;&#x576;&#x569;&#x565;&#x580;&#x581;&#x561;&#x57D;&#x580;&#x561;&#x570;</subfield>
  </datafield>
  <datafield tag="952" ind1=" " ind2=" ">
    <subfield code="0">0</subfield>
    <subfield code="1">0</subfield>
    <subfield code="2">udc</subfield>
    <subfield code="4">0</subfield>
    <subfield code="7">0</subfield>
    <subfield code="8">&#x533;&#x580;&#x561;&#x57A;&#x561;&#x570;&#x578;&#x581;</subfield>
    <subfield code="a">SEM</subfield>
    <subfield code="b">SEM</subfield>
    <subfield code="d">2025-10-15</subfield>
    <subfield code="g">15000.00</subfield>
    <subfield code="i">&#x540;&#x578;&#x57E;&#x570;-2650</subfield>
    <subfield code="l">0</subfield>
    <subfield code="o">&#x540;&#x578;&#x57E;&#x570;-2650</subfield>
    <subfield code="p">&#x540;&#x578;&#x57E;&#x570;-2650</subfield>
    <subfield code="r">2025-10-15</subfield>
    <subfield code="w">2025-10-15</subfield>
    <subfield code="y">BK</subfield>
    <subfield code="z">&#x54D;&#x57A;&#x561;&#x57D;&#x561;&#x580;&#x56F;&#x57E;&#x578;&#x582;&#x574; &#x567; &#x568;&#x576;&#x569;&#x565;&#x580;&#x581;&#x561;&#x57D;&#x580;&#x561;&#x570;</subfield>
  </datafield>
</record>
